000
00288nam a22001217a 4500
020
_a
9789350141557
082
_a
621.382 SHA
100
_a
Sanjay Sharma
245
_a
Fundamentals of analog communication
260
_a
New Delhi
_b
Kataria & Sons
_c
2012
300
_a
364p.
942
_c
BK
999
_c
490600
_d
490600